[Event "22nd European Teams"]
[Site "Batumi GEO"]
[Date "2019.10.24"]
[Round "1.13"]
[Board "3"]
[White "Bauer, Christian"]
[Black "Thorfinnsson, Bragi"]
[Result "1/2-1/2"]
[WhiteTitle "GM"]
[BlackTitle "GM"]
[WhiteElo "2606"]
[BlackElo "2436"]
[WhiteTeam "France"]
[BlackTeam "Iceland"]
[WhiteFideId "603767"]
[BlackFideId "2300958"]
[EventDate "2019.10.24"]

1. e4 e5 2. Nf3 Nf6 3. Nxe5 d6 4. Nf3 Nxe4 5. d3 Nf6 6. d4 d5 7. Bg5 Be7 8. Bd3
O-O 9. O-O Bg4 10. Re1 Nbd7 11. Nbd2 c5 12. h3 Bh5 13. Nf1 Re8 14. Ng3 Bg6 15.
c3 Ne4 16. Bf4 Bf6 17. Re3 Nxg3 18. Rxe8+ Qxe8 19. Bxg3 cxd4 20. Bxg6 hxg6 21.
Nxd4 Nc5 22. Bf4 Bxd4 23. Qxd4 Ne6 24. Qd2 Nxf4 25. Qxf4 Qe2 26. Qb4 b6 27. a4
Re8 28. Qb5 Re5 29. Qxe2 Rxe2 30. b4 Rc2 31. Rd1 Rxc3 32. Rxd5 Rc4 33. Rd8+ Kh7
34. Rd7 Rxb4 35. Rxa7 f6 36. g3 g5 1/2-1/2

[Event "22nd European Teams"]
[Site "Batumi GEO"]
[Date "2019.10.24"]
[Round "1.13"]
[Board "4"]
[White "Gretarsson, Helgi Ass"]
[Black "Gharamian, Tigran"]
[Result "0-1"]
[WhiteTitle "GM"]
[BlackTitle "GM"]
[WhiteElo "2410"]
[BlackElo "2590"]
[WhiteTeam "Iceland"]
[BlackTeam "France"]
[WhiteFideId "2300699"]
[BlackFideId "13301527"]
[EventDate "2019.10.24"]

1. d4 Nf6 2. c4 e6 3. Nf3 Bb4+ 4. Nbd2 O-O 5. a3 Be7 6. e4 d6 7. Bd3 Nfd7 8. Nb1
e5 9. Nc3 exd4 10. Nxd4 Nc6 11. Be3 Bf6 12. Nxc6 bxc6 13. Rc1 a5 14. O-O Rb8 15.
Rc2 Ne5 16. Be2 Be6 17. Na4 c5 18. f4 Nc6 19. e5 dxe5 20. Rd2 Qc8 21. fxe5 Bxe5
22. Bxc5 Rd8 23. Bf3 Bxc4 24. Re1 Bb3 25. Rxd8+ Nxd8 26. Rxe5 Nc6 27. Qxb3 Nxe5
28. Qd5 Nxf3+ 29. gxf3 Qe8 30. Qe4 Qb5 31. Bf2 Re8 32. Qd4 Qg5+ 33. Qg4 Qc1+ 34.
Kg2 Re6 35. Qf5 Rg6+ 36. Bg3 h5 37. Nc5 h4 38. Qc8+ Kh7 39. Nd7 Qxb2+ 40. Kf1 0-1

[Event "22nd European Teams"]
[Site "Batumi GEO"]
[Date "2019.10.24"]
[Round "1.14"]
[Board "1"]
[White "Nyback, Tomi"]
[Black "Cheparinov, Ivan"]
[Result "1/2-1/2"]
[WhiteTitle "GM"]
[BlackTitle "GM"]
[WhiteElo "2565"]
[BlackElo "2670"]
[WhiteTeam "Finland"]
[BlackTeam "Georgia"]
[WhiteFideId "503142"]
[BlackFideId "2905540"]
[EventDate "2019.10.24"]

1. d4 Nf6 2. c4 g6 3. Nc3 d5 4. cxd5 Nxd5 5. e4 Nxc3 6. bxc3 Bg7 7. Nf3 c5 8.
Bb5+ Nc6 9. Rb1 O-O 10. d5 a6 11. Be2 Ne5 12. Nxe5 Bxe5 13. O-O e6 14. Be3 exd5
15. Qxd5 Qxd5 16. exd5 b5 17. c4 Bf5 18. Rbc1 Bd6 19. cxb5 axb5 20. Bxb5 Rxa2
21. Bxc5 Bxc5 22. Rxc5 Ra5 23. Rfc1 Rb8 24. Bf1 Rxc5 25. Rxc5 Rb1 26. Rc3 Rd1
27. f3 Rxd5 28. Kf2 Kg7 29. h4 h5 30. Be2 Rd6 1/2-1/2

[Event "22nd European Teams"]
[Site "Batumi GEO"]
[Date "2019.10.24"]
[Round "1.14"]
[Board "2"]
[White "Pantsulaia, Levan"]
[Black "Keinanen, Toivo"]
[Result "1/2-1/2"]
[WhiteTitle "GM"]
[BlackTitle "FM"]
[WhiteElo "2603"]
[BlackElo "2428"]
[WhiteTeam "Georgia"]
[BlackTeam "Finland"]
[WhiteFideId "13602071"]
[BlackFideId "509825"]
[EventDate "2019.10.24"]

1. Nf3 d5 2. g3 Nf6 3. Bg2 e6 4. O-O Be7 5. c4 O-O 6. b3 c5 7. Bb2 Nc6 8. e3 b6
9. Nc3 Bb7 10. cxd5 Nxd5 11. Nxd5 Qxd5 12. d4 Qf5 13. dxc5 Rad8 14. Qe2 Bxc5 15.
Rfd1 Nb4 16. Nd4 Bxd4 17. Bxb7 Bxb2 18. Qxb2 Qf6 19. Qxf6 gxf6 20. Bf3 a5 21. a3
Nd3 22. Be2 Nc5 23. b4 Ne4 24. Rac1 Rxd1+ 25. Bxd1 Rd8 26. Bf3 Nd2 27. Be2 axb4
28. axb4 Ne4 29. Rc7 Kf8 30. Bh5 Nd6 31. Rc6 b5 32. Rb6 f5 33. Kf1 Ne4 34. Bf3
Nd2+ 35. Kg2 Nxf3 36. Kxf3 Rd5 37. Kf4 Kg7 38. h4 Kg6 39. f3 h5 40. e4 fxe4 41.
fxe4 Rd4 42. Rxb5 f5 43. Re5 Kf6 44. b5 Rb4 45. b6 Rxb6 46. exf5 Rb4+ 47. Re4
e5+ 48. Kf3 Rb3+ 49. Kg2 Kxf5 50. Ra4 1/2-1/2

[Event "22nd European Teams"]
[Site "Batumi GEO"]
[Date "2019.10.24"]
[Round "1.14"]
[Board "3"]
[White "Sipila, Vilka"]
[Black "Paichadze, Luka"]
[Result "1-0"]
[WhiteTitle "IM"]
[BlackTitle "GM"]
[WhiteElo "2405"]
[BlackElo "2574"]
[WhiteTeam "Finland"]
[BlackTeam "Georgia"]
[WhiteFideId "505455"]
[BlackFideId "13602934"]
[EventDate "2019.10.24"]

1. e4 c6 2. d4 d5 3. e5 Bf5 4. Nf3 e6 5. Be2 Ne7 6. O-O Bg6 7. Nbd2 Nd7 8. Nb3
Nf5 9. a4 Be7 10. Bd2 O-O 11. c4 dxc4 12. Na5 Nb6 13. Nxb7 Qc7 14. Nc5 Nxd4 15.
Nxd4 Bxc5 16. Nf3 Rfd8 17. Qc1 a5 18. b3 Bb4 19. bxc4 Bxd2 20. Nxd2 Qxe5 21. Bf3
Qc5 22. Re1 Rac8 23. Ra2 Bd3 24. Re3 Qd4 25. h3 Bxc4 26. Re4 Bxa2 27. Rxd4 Rxd4
28. Qb2 Rxa4 29. Qxb6 Bd5 30. Bxd5 cxd5 31. Nb3 Rb4 32. Qa6 Rbb8 33. Nxa5 Ra8
34. Qb6 Rcb8 35. Qc5 Rc8 36. Nc6 Rxc6 37. Qxc6 Rf8 38. f4 h5 39. Kf2 Kh7 40. Kg3
Rb8 41. Qc7 Rf8 42. Qe7 Kg8 43. Kh4 g6 44. Kg5 Kg7 45. Qf6+ Kh7 46. g4 hxg4 47.
hxg4 d4 48. f5 exf5 49. gxf5 1-0

[Event "22nd European Teams"]
[Site "Batumi GEO"]
[Date "2019.10.24"]
[Round "1.14"]
[Board "4"]
[White "Quparadze, Giga"]
[Black "Koykka, Pekka"]
[Result "1-0"]
[WhiteTitle "GM"]
[BlackTitle "FM"]
[WhiteElo "2457"]
[BlackElo "2381"]
[WhiteTeam "Georgia"]
[BlackTeam "Finland"]
[WhiteFideId "13602250"]
[BlackFideId "504319"]
[EventDate "2019.10.24"]

1. e4 e6 2. d4 d5 3. Nd2 c5 4. Ngf3 cxd4 5. Nxd4 Nc6 6. Bb5 Bd7 7. Nxc6 bxc6 8.
Bd3 Qc7 9. Qe2 Ne7 10. b3 Ng6 11. g3 Bb4 12. Bb2 Ne5 13. exd5 Nxd3+ 14. Qxd3 O-O
15. O-O Bxd2 16. dxe6 Bxe6 17. Qxd2 Rad8 18. Qe3 Qd7 19. Rfe1 Bh3 20. Qc5 f6 21.
Bc3 Rfe8 22. f3 Bf5 23. Ba5 Rxe1+ 24. Rxe1 Qd4+ 25. Qxd4 Rxd4 26. c4 Kf7 27. Bb4
Rd7 28. Kf2 h5 29. h4 Rb7 30. Bc5 Rd7 31. Re2 a6 32. Ke1 Be6 33. Rd2 Ke8 34. Bd6
Kf7 35. Kd1 Bf5 36. Kc1 Ke6 37. c5 g5 38. Rd4 g4 39. fxg4 Bxg4 40. Ra4 Ra7 41.
Kd2 f5 42. Rb4 Ra8 43. Rb7 Kf6 44. Kc3 Bf3 45. Bb8 Ke6 46. Kd4 Kf6 47. a4 Ke6
48. Bd6 Kf6 49. Be7+ Kg6 50. Ke5 Bd5 51. b4 Bb3 52. b5 axb5 53. axb5 cxb5 54. c6
Rc8 55. c7 Kf7 56. Bd8 1-0

[Event "22nd European Teams"]
[Site "Batumi GEO"]
[Date "2019.10.24"]
[Round "1.15"]
[Board "1"]
[White "Bosiocic, Marin"]
[Black "Mehmeti, Dritan"]
[Result "1/2-1/2"]
[WhiteTitle "GM"]
[BlackTitle "IM"]
[WhiteElo "2619"]
[BlackElo "2359"]
[WhiteTeam "Croatia"]
[BlackTeam "Albania"]
[WhiteFideId "14507927"]
[BlackFideId "4700600"]
[EventDate "2019.10.24"]

1. e4 e6 2. d4 d5 3. Nc3 Nf6 4. Bg5 dxe4 5. Nxe4 Nbd7 6. Nf3 Be7 7. Nxf6+ Nxf6
8. Bd3 O-O 9. Qe2 c5 10. O-O-O cxd4 11. h4 Bd7 12. Nxd4 a6 13. Kb1 Qc7 14. Rh3
Rfd8 15. Rg3 Bb5 16. c4 Ba4 17. Nb3 b5 18. Rc1 Qd7 19. Nc5 Qd4 20. Bh6 Bf8 21.
Be3 Qe5 22. Bg5 Qd4 23. Nxa4 bxa4 24. Rd1 Ne4 25. Bxd8 Rxd8 26. Qe3 f5 27. Qxd4
Rxd4 28. Rf3 a3 29. Kc2 axb2 30. Rb1 Nc5 31. g3 g6 32. Rxb2 e5 33. Be2 e4 34.
Re3 Bh6 35. Ra3 Bd2 36. f3 Be1 37. fxe4 fxe4 38. g4 Rd2+ 39. Kb1 Rxb2+ 40. Kxb2
Bxh4 41. Ra5 Bf2 42. g5 h6 43. gxh6 Kh7 44. Bg4 Kxh6 45. Bc8 Kg5 46. Kc2 1/2-1/2

[Event "22nd European Teams"]
[Site "Batumi GEO"]
[Date "2019.10.24"]
[Round "1.15"]
[Board "2"]
[White "Ashiku, Franc"]
[Black "Stevic, Hrvoje"]
[Result "0-1"]
[WhiteTitle "FM"]
[BlackTitle "GM"]
[WhiteElo "2424"]
[BlackElo "2570"]
[WhiteTeam "Albania"]
[BlackTeam "Croatia"]
[WhiteFideId "4700066"]
[BlackFideId "14502569"]
[EventDate "2019.10.24"]

1. f4 c5 2. Nf3 Nc6 3. g3 g6 4. Bg2 Bg7 5. O-O Nf6 6. d3 O-O 7. e4 d6 8. Nc3 Rb8
9. a4 a6 10. h3 b5 11. axb5 axb5 12. g4 b4 13. Ne2 Nd7 14. g5 Bb7 15. h4 Ra8 16.
Rxa8 Qxa8 17. h5 Qa1 18. b3 Bb2 19. Bh3 Bxc1 20. Qxc1 Qxc1 21. Rxc1 Nb6 22. hxg6
hxg6 23. Ra1 Ra8 24. Rxa8+ Nxa8 25. Kf2 Nb6 26. Nd2 e5 27. fxe5 dxe5 28. Nc4
Nxc4 29. bxc4 Kf8 30. Bd7 Nd8 31. Nc1 Ke7 32. Bg4 Bc6 33. Ke3 Ba4 34. Kd2 Bd7
35. Be2 Kd6 36. Nb3 Ba4 37. Bg4 Bxb3 38. cxb3 Nc6 39. Ke3 Nd4 40. Bd1 Ne6 41.
Kf3 Nxg5+ 42. Kg4 Ne6 43. Be2 Ke7 44. Bd1 Kf6 45. Be2 Kg7 46. Bd1 Nd4 0-1

[Event "22nd European Teams"]
[Site "Batumi GEO"]
[Date "2019.10.24"]
[Round "1.15"]
[Board "3"]
[White "Brkic, Ante"]
[Black "Pasko, Llambi"]
[Result "1/2-1/2"]
[WhiteTitle "GM"]
[BlackTitle "IM"]
[WhiteElo "2600"]
[BlackElo "2443"]
[WhiteTeam "Croatia"]
[BlackTeam "Albania"]
[WhiteFideId "14506688"]
[BlackFideId "4701178"]
[EventDate "2019.10.24"]

1. e4 c6 2. d4 d5 3. e5 Bf5 4. Nf3 e6 5. Be2 Nd7 6. O-O h6 7. c3 Ne7 8. Na3 Bg6
9. Nc2 Nf5 10. h3 Be7 11. Nce1 O-O 12. Nd3 c5 13. Nf4 Bh7 14. Bd3 cxd4 15. Bxf5
Bxf5 16. Nxd4 Be4 17. Re1 Bc5 18. Nd3 Bb6 19. f3 Bh7 20. Nf2 Qh4 21. f4 Nc5 22.
Be3 Ne4 23. Nxe4 Bxe4 24. Qd2 Rac8 25. Bf2 Bxd4 26. Bxd4 a6 27. Kh2 h5 28. Rg1
Qe7 29. Qe2 g6 30. a4 Rc4 31. Qf2 Kg7 32. a5 Qd7 33. Rgd1 Qb5 34. Rd2 Ra4 35.
Rxa4 Qxa4 36. b4 Qa1 37. Re2 Qd1 38. Re1 Qb3 39. Qd2 Rc8 40. Re2 Rc4 41. Qe1 Bd3
42. Rf2 Bf5 43. Re2 Bd3 44. Rf2 Bf5 45. Re2 1/2-1/2

[Event "22nd European Teams"]
[Site "Batumi GEO"]
[Date "2019.10.24"]
[Round "1.15"]
[Board "4"]
[White "Seitaj, Ilir"]
[Black "Martinovic, Sasa"]
[Result "1/2-1/2"]
[WhiteTitle "IM"]
[BlackTitle "GM"]
[WhiteElo "2346"]
[BlackElo "2539"]
[WhiteTeam "Albania"]
[BlackTeam "Croatia"]
[WhiteFideId "4700031"]
[BlackFideId "14509792"]
[EventDate "2019.10.24"]

1. e4 e6 2. d4 d5 3. Nc3 Bb4 4. e5 Ne7 5. Bd2 b6 6. Nf3 Bxc3 7. Bxc3 a5 8. a3
Ba6 9. Bxa6 Nxa6 10. b4 axb4 11. axb4 c6 12. O-O Nc7 13. Qd3 h6 14. Bd2 Qc8 15.
Nh4 Kd7 16. g3 Qb7 17. Qf3 Rxa1 18. Rxa1 Ra8 19. Rxa8 Qxa8 20. Qxf7 Qa1+ 21. Kg2
Qxd4 22. Be3 Qe4+ 23. Nf3 g5 24. h3 Qxb4 25. Qh7 c5 26. Qxh6 g4 27. hxg4 Qxg4
28. Bg5 Nf5 29. Qh7+ Kc8 30. Bf4 d4 31. Ng5 Qe2 32. Qg8+ Kd7 33. Qf7+ Kc6 34.
Nxe6 Qe4+ 35. Kh2 Nxe6 36. Qxe6+ Kb5 37. Qb3+ Kc6 38. Qa4+ Kb7 39. Kh3 Qd5 40.
Qb5 Ng7 41. Kh2 Ne6 42. Kg1 Kc7 43. Qa4 1/2-1/2

[Event "22nd European Teams"]
[Site "Batumi GEO"]
[Date "2019.10.24"]
[Round "1.16"]
[Board "1"]
[White "Pultinevicius, Paulius"]
[Black "Parligras, Mircea-Emilian"]
[Result "0-1"]
[WhiteTitle "IM"]
[BlackTitle "GM"]
[WhiteElo "2503"]
[BlackElo "2629"]
[WhiteTeam "Lithuania"]
[BlackTeam "Romania"]
[WhiteFideId "12809390"]
[BlackFideId "1204297"]
[EventDate "2019.10.24"]

1. d4 Nf6 2. c4 e6 3. Nf3 d5 4. Nc3 Bb4 5. Qa4+ Nc6 6. e3 O-O 7. Qc2 dxc4 8.
Bxc4 Bd6 9. O-O e5 10. h3 Bd7 11. Rd1 Qc8 12. Nb5 Bf5 13. Qa4 e4 14. Nxd6 cxd6
15. Ne1 a6 16. Bf1 b5 17. Qa3 Qb8 18. Bd2 Be6 19. Rac1 Rc8 20. Rc2 Nd5 21. Ba5
b4 22. Qa4 Qb7 23. Bc4 Nxa5 24. Qxa5 Qb6 25. Qa4 a5 26. Rdc1 h6 27. Bb5 Rxc2 28.
Rxc2 Rc8 29. Rxc8+ Bxc8 30. Bc6 Be6 31. Nc2 Nf6 32. Na1 Bxa2 33. d5 Bc4 34. Nc2
Qc5 35. Nd4 Bxd5 36. Bxd5 Qxd5 37. Nc6 Qd2 38. Qa1 a4 39. Nd4 Qd3 40. Qxa4 Qb1+
41. Kh2 Qxb2 42. Kg1 Qc1+ 43. Kh2 Qd2 44. Kg3 g6 45. Qa8+ Kg7 46. Qb7 Nh5+ 47.
Kh2 Qxf2 48. Ne6+ Kg8 49. Qb8+ Kh7 50. Nf8+ Kg7 51. Nd7 b3 52. Qxb3 Nf6 53. Nb6
Qf5 54. Kg1 h5 55. Na4 Qd5 56. Qc2 Qd3 57. Qc1 Nd5 58. Kf2 Qb3 59. Qa1+ Kg8 60.
Qd4 0-1

[Event "22nd European Teams"]
[Site "Batumi GEO"]
[Date "2019.10.24"]
[Round "1.16"]
[Board "2"]
[White "Deac, Bogdan-Daniel"]
[Black "Laurusas, Tomas"]
[Result "1/2-1/2"]
[WhiteTitle "GM"]
[BlackTitle "IM"]
[WhiteElo "2613"]
[BlackElo "2501"]
[WhiteTeam "Romania"]
[BlackTeam "Lithuania"]
[WhiteFideId "1226380"]
[BlackFideId "12803731"]
[EventDate "2019.10.24"]

1. e4 e5 2. Nf3 Nf6 3. Nxe5 d6 4. Nf3 Nxe4 5. Nc3 Nf6 6. d4 Be7 7. Bd3 Bg4 8. h3
Bh5 9. g4 Bg6 10. Nh4 d5 11. Nxg6 hxg6 12. g5 Nh5 13. Qg4 Nc6 14. a3 O-O 15. Bd2
Na5 16. b3 c5 17. dxc5 Nc6 18. b4 a5 19. O-O axb4 20. axb4 Rxa1 21. Rxa1 b6 22.
Bb5 Ne5 23. Qe2 Bxg5 24. Qxe5 Bxd2 25. Nxd5 Qh4 26. Bf1 bxc5 27. bxc5 Nf4 28.
Rd1 f6 29. Qd6 Qg5+ 30. Kh1 Nxd5 31. Bc4 Kh7 32. Qxd5 Qxd5+ 33. Bxd5 Bf4 34. Rd4
g5 35. c6 Rc8 36. Be4+ g6 37. Rd7+ Kh6 38. Kg2 Rc7 39. Rd8 Kg7 40. c4 f5 41. Bd5
Re7 42. c5 Bc7 43. Rd6 Bb8 44. Be6 Bc7 45. Kf3 Kf6 46. Bc8+ Kf7 47. Ba6 Bb8 48.
Rd1 Kf6 49. Bc8 Bc7 50. Rb1 Re5 51. Rb7 Ba5 52. Rb5 Bc7 53. Rb7 Ba5 54. Rb5 1/2-1/2

[Event "22nd European Teams"]
[Site "Batumi GEO"]
[Date "2019.10.24"]
[Round "1.16"]
[Board "3"]
[White "Brazdzionis, Andrius"]
[Black "Georgescu, Tiberiu-Marian"]
[Result "1/2-1/2"]
[BlackTitle "GM"]
[WhiteElo "2355"]
[BlackElo "2508"]
[WhiteTeam "Lithuania"]
[BlackTeam "Romania"]
[WhiteFideId "12804479"]
[BlackFideId "1213300"]
[EventDate "2019.10.24"]

1. d4 Nf6 2. c4 e6 3. Nf3 d5 4. g3 Bb4+ 5. Bd2 Be7 6. Bg2 c6 7. Qc2 Nbd7 8. O-O
O-O 9. Rd1 b6 10. b3 Ne4 11. Nc3 Nxd2 12. Nxd2 Bb7 13. e4 Rc8 14. Qd3 c5 15.
exd5 cxd4 16. Nce4 exd5 17. cxd5 Bxd5 18. Qxd4 Be6 19. Nc4 Bf6 20. Nxf6+ Qxf6
21. Qxf6 Nxf6 22. Nd6 Rc5 23. Rac1 Rxc1 24. Rxc1 Rd8 25. Nb5 a5 26. Bf3 g6 27.
Nc7 Bg4 28. Bxg4 Nxg4 29. h3 Ne5 30. f4 Nd3 31. Rd1 1/2-1/2

[Event "22nd European Teams"]
[Site "Batumi GEO"]
[Date "2019.10.24"]
[Round "1.16"]
[Board "4"]
[White "Gavrilescu, David"]
[Black "Klabis, Rokas"]
[Result "1-0"]
[WhiteTitle "IM"]
[BlackTitle "FM"]
[WhiteElo "2451"]
[BlackElo "2321"]
[WhiteTeam "Romania"]
[BlackTeam "Lithuania"]
[WhiteFideId "1227190"]
[BlackFideId "12805246"]
[EventDate "2019.10.24"]

1. e4 c5 2. Nf3 Nc6 3. Bb5 Nf6 4. Nc3 Qc7 5. O-O Nd4 6. Nxd4 cxd4 7. Ne2 Nxe4 8.
Nxd4 a6 9. Qf3 Nf6 10. Bd3 Qe5 11. c3 d5 12. Qd1 Qc7 13. Re1 e5 14. Bf5 Bxf5 15.
Nxf5 g6 16. Qa4+ b5 17. Qh4 Nd7 18. Ne3 Qd6 19. d4 e4 20. Nxd5 f5 21. Nb4 Be7
22. Qh6 Bf8 23. Qh3 Bg7 24. Qh4 Nf6 25. Bf4 Qd7 26. Rad1 O-O 27. d5 a5 28. Nc2
Nxd5 29. Ne3 Qe7 30. Bg5 Nf6 31. Rd5 Qe8 32. Rd6 Qe5 33. Red1 Ne8 34. R6d5 Qb8
35. Rd8 Qb7 36. R1d7 Qa6 37. Nd5 Rxd8 38. Rxd8 h6 39. Be7 g5 40. Qh5 Qe6 41.
Bxf8 Kxf8 42. Nc7 1-0

[Event "22nd European Teams"]
[Site "Batumi GEO"]
[Date "2019.10.24"]
[Round "1.17"]
[Board "1"]
[White "Solak, Dragan"]
[Black "Tutisani, Noe"]
[Result "1/2-1/2"]
[WhiteTitle "GM"]
[BlackTitle "IM"]
[WhiteElo "2602"]
[BlackElo "2412"]
[WhiteTeam "Turkey"]
[BlackTeam "Georgia 2"]
[WhiteFideId "916811"]
[BlackFideId "13602853"]
[EventDate "2019.10.24"]

1. e4 e5 2. Nf3 Nc6 3. Bb5 f5 4. Nc3 fxe4 5. Nxe4 Nf6 6. Nxf6+ Qxf6 7. Qe2 Be7
8. Bxc6 bxc6 9. Nxe5 Qe6 10. d4 O-O 11. Nd3 Qf6 12. Be3 Ba6 13. O-O Rae8 14. Qd2
Bd6 15. Rfe1 Bc4 16. Ne5 Bxe5 17. dxe5 Rxe5 18. Bd4 Rxe1+ 19. Rxe1 Qd6 20. Qe3
Qg6 21. b3 Bd5 22. Qg3 Qxg3 23. hxg3 a6 24. c4 Be6 25. Be5 Rc8 26. Bc3 Kf7 27.
f3 c5 28. g4 c6 29. Kf2 Re8 30. Ba5 d5 31. cxd5 cxd5 32. Rc1 Rc8 33. Bb6 c4 34.
bxc4 Rxc4 1/2-1/2

[Event "22nd European Teams"]
[Site "Batumi GEO"]
[Date "2019.10.24"]
[Round "1.17"]
[Board "2"]
[White "Petriashvili, Nikoloz"]
[Black "Yilmaz, Mustafa"]
[Result "1/2-1/2"]
[WhiteTitle "IM"]
[BlackTitle "GM"]
[WhiteElo "2441"]
[BlackElo "2595"]
[WhiteTeam "Georgia 2"]
[BlackTeam "Turkey"]
[WhiteFideId "13611216"]
[BlackFideId "6302718"]
[EventDate "2019.10.24"]

1. d4 Nf6 2. c4 e6 3. Nf3 d5 4. Nc3 Bb4 5. Bg5 h6 6. Bxf6 Qxf6 7. e3 O-O 8. Qb3
c5 9. cxd5 exd5 10. dxc5 Bxc3+ 11. Qxc3 Qxc3+ 12. bxc3 Nd7 13. c6 bxc6 14. c4
dxc4 15. Rc1 Nb6 16. Ne5 Be6 17. Bxc4 Nxc4 18. Nxc4 Rfb8 19. O-O Rb4 20. Ne5 Ra4
21. Nxc6 Rxa2 22. Ra1 Rxa1 23. Rxa1 a6 24. f3 Kf8 25. Ra5 Ke8 26. Kf2 Bd7 27.
Nd4 Kd8 28. e4 Kc7 29. Ke3 Kb6 30. Rd5 1/2-1/2

[Event "22nd European Teams"]
[Site "Batumi GEO"]
[Date "2019.10.24"]
[Round "1.17"]
[Board "3"]
[White "Can, Emre"]
[Black "Kacharava, Nikolozi"]
[Result "1/2-1/2"]
[WhiteTitle "GM"]
[BlackTitle "FM"]
[WhiteElo "2599"]
[BlackElo "2428"]
[WhiteTeam "Turkey"]
[BlackTeam "Georgia 2"]
[WhiteFideId "6302181"]
[BlackFideId "13611860"]
[EventDate "2019.10.24"]

1. d4 d5 2. c4 dxc4 3. Nf3 Nf6 4. e3 e6 5. Bxc4 c5 6. Qe2 a6 7. dxc5 Bxc5 8. O-O
Nc6 9. e4 b5 10. Bb3 Bb7 11. Nc3 Nd4 12. Nxd4 Bxd4 13. e5 Nd5 14. Nxd5 Bxd5 15.
Rd1 Bxb3 16. axb3 Qb6 17. Qg4 Rd8 18. Be3 Bxe3 19. Rxd8+ Kxd8 20. Qxg7 Bxf2+ 21.
Kh1 Re8 22. Qxf7 Bd4 23. Rd1 Qc5 24. Qf4 Rf8 25. Qxd4+ Qxd4 26. Rxd4+ Kc7 27.
Kg1 Rf5 28. Rd6 Rxe5 29. Rxa6 h5 30. Kf2 Kd7 31. Ra7+ Kd6 32. Rg7 Rd5 33. Ke3
Re5+ 34. Kd3 Rf5 35. h4 Rf4 36. g3 Rf3+ 37. Ke4 Rxb3 38. Rg5 Rb4+ 39. Ke3 Rb3+
40. Ke4 Rb4+ 41. Ke3 Rb3+ 42. Ke4 1/2-1/2

[Event "22nd European Teams"]
[Site "Batumi GEO"]
[Date "2019.10.24"]
[Round "1.17"]
[Board "4"]
[White "Sibashvili, Giorgi"]
[Black "Sanal, Vahap"]
[Result "1/2-1/2"]
[WhiteTitle "IM"]
[BlackTitle "GM"]
[WhiteElo "2382"]
[BlackElo "2545"]
[WhiteTeam "Georgia 2"]
[BlackTeam "Turkey"]
[WhiteFideId "13602799"]
[BlackFideId "6300545"]
[EventDate "2019.10.24"]

1. d4 Nf6 2. c4 e6 3. Nc3 Bb4 4. Qc2 d6 5. e3 Nbd7 6. Bd3 b6 7. Ne2 Bb7 8. O-O
O-O 9. e4 c5 10. d5 Ne5 11. a3 Bxc3 12. Nxc3 Nxd3 13. Qxd3 e5 14. f4 exf4 15.
Bxf4 Ne8 16. Qg3 Ba6 17. b3 f6 18. Nb5 Bxb5 19. cxb5 a6 20. bxa6 Rxa6 21. Qd3
Nc7 22. a4 Qd7 23. Qg3 Ne8 24. h3 Rf7 25. Qd3 Ra8 26. Rae1 Nc7 27. Qg3 Rd8 28.
Bd2 b5 29. Bc3 Ne8 30. Ra1 Rb8 31. a5 b4 32. Bb2 Ra8 33. Qd3 Qd8 34. a6 Rfa7 35.
g4 h6 36. h4 Qb6 37. g5 fxg5 38. hxg5 c4+ 39. Qd4 Qd8 40. bxc4 Qxg5+ 41. Kh1
Qh4+ 42. Kg2 Qg4+ 43. Kh2 Re7 44. e5 Qh5+ 45. Kg1 Qg6+ 46. Kh1 Rxe5 47. Rf2 Re4
48. Qd2 Rh4+ 49. Rh2 Rxc4 50. Rg1 Qe4+ 51. Rgg2 Ra7 52. Rxh6 Rf7 53. Kh2 b3 54.
Re6 Qh7+ 55. Kg1 Kf8 56. Qe2 Qb1+ 57. Kh2 Qh7+ 58. Kg1 Qb1+ 59. Kh2 1/2-1/2

[Event "22nd European Teams"]
[Site "Batumi GEO"]
[Date "2019.10.24"]
[Round "1.18"]
[Board "1"]
[White "Hovhannisyan, Mher"]
[Black "Papaioannou, Ioannis"]
[Result "1-0"]
[WhiteTitle "GM"]
[BlackTitle "GM"]
[WhiteElo "2439"]
[BlackElo "2645"]
[WhiteTeam "Belgium"]
[BlackTeam "Greece"]
[WhiteFideId "13300865"]
[BlackFideId "4201345"]
[EventDate "2019.10.24"]

1. Nf3 Nf6 2. c4 e6 3. Nc3 Bb4 4. Qc2 O-O 5. a3 Bxc3 6. Qxc3 b6 7. b4 d6 8. Bb2
e5 9. e3 c5 10. Be2 Nc6 11. d3 Re8 12. O-O Bg4 13. h3 Bd7 14. b5 Ne7 15. Nh4 Ng6
16. Nxg6 hxg6 17. Bf3 Rc8 18. a4 g5 19. g4 Be6 20. Bc6 Bd7 21. Bg2 Nh7 22. a5
Nf8 23. axb6 axb6 24. Ra7 Ne6 25. Rfa1 Rb8 26. Ra8 Rxa8 27. Rxa8 Qxa8 28. Bxa8
Rxa8 29. Qc2 Ra2 30. Qb1 Ra4 31. Qc2 Ra2 32. Qb1 Ra4 33. Qd1 Ra2 34. Qb3 Ra8 35.
Kh2 Bc8 36. d4 exd4 37. exd4 cxd4 38. Qd1 Bb7 39. Bxd4 d5 40. cxd5 Bxd5 41. Bxb6
Be4 42. Be3 Ra2 43. b6 Rb2 44. Qa4 1-0

[Event "22nd European Teams"]
[Site "Batumi GEO"]
[Date "2019.10.24"]
[Round "1.18"]
[Board "2"]
[White "Banikas, Hristos"]
[Black "Dardha, Daniel"]
[Result "1-0"]
[WhiteTitle "GM"]
[BlackTitle "FM"]
[WhiteElo "2597"]
[BlackElo "2433"]
[WhiteTeam "Greece"]
[BlackTeam "Belgium"]
[WhiteFideId "4202031"]
[BlackFideId "240990"]
[EventDate "2019.10.24"]

1. d4 Nf6 2. c4 e6 3. Nc3 Bb4 4. Qc2 c5 5. dxc5 O-O 6. Nf3 Bxc5 7. Bf4 b6 8. e4
Bb7 9. Rd1 Nh5 10. Bc1 f5 11. Be2 fxe4 12. Nxe4 Nf4 13. Bxf4 Rxf4 14. Neg5 Bxf2+
15. Kf1 Rf5 16. Nxe6 Qf6 17. Nxg7 Kxg7 18. Kxf2 Bxf3 19. Bxf3 Nc6 20. Rhf1 Ne5
21. Kg1 Nxf3+ 22. Rxf3 Rxf3 23. gxf3 Rg8 24. Qe2 Kh8+ 25. Kh1 Qg5 26. b3 h5 27.
f4 Qg6 28. Qf3 Qf5 29. Qd5 Qg4 30. f5 Qe2 31. Rg1 Rxg1+ 32. Kxg1 Qe1+ 33. Kg2
Qe2+ 34. Kg3 Qg4+ 35. Kf2 Qf4+ 36. Kg2 Qg5+ 37. Kf3 Qg4+ 38. Ke3 Qh3+ 39. Ke4
Qh4+ 40. Ke5 Qe7+ 41. Kd4 Qh4+ 42. Qe4 Qxh2 43. Qe8+ Kg7 44. Qxd7+ Kf8 45. Qc8+
Ke7 46. Qe6+ Kf8 47. Kd5 Qxa2 48. Qh6+ Ke8 49. Qxh5+ Kd7 50. Qf7+ Kc8 51. Kc6
Qg2+ 52. Qd5 Qg7 53. Qe6+ Kd8 54. f6 Qc7+ 55. Kb5 Qc5+ 56. Ka6 1-0